Evolution of the Earth

Guardat en:
Dades bibliogràfiques
Autor principal: Prothero, Donald R
Format: Llibre
Idioma:Vietnamese
Publicat: McGraw-Hill 2002
Etiquetes: Afegir etiqueta
Sense etiquetes, Sigues el primer a etiquetar aquest registre!
Thư viện lưu trữ: Mạng thư viện Đại học Đà Nẵng
LEADER 00628nam a2200253 4500
001 000021901
003 18349
005 20150424070411.0
008 150424s2002 viesd
020 |c 00 
041 0 |a vie 
082 1 4 |a 551,7  |b PR-D 
100 1 |a Prothero, Donald R 
245 1 0 |a Evolution of the Earth  |c Donald R. Prothero, Robert H. Dott, Jr 
260 |b McGraw-Hill  |c 2002 
300 |a tr.  |c cm. 
OWN |a LSP 
999 |a From the UDN01 
TYP |a Monograph 
TYP |a Printed language 
980 |a Mạng thư viện Đại học Đà Nẵng